000
00311nam a2200109Ia 4500
008
171211s9999 xx 000 0 und d
245
_a
Government Support to Agricultural Insurance
245
_c
Olivier Mahul
260
_c
2010
650
_x
ECONOMICS
856
_u
http://down.ebook777.com/061/9780821382172.pdf
999
_c
349623
_d
349623